Ekonomika československého průmyslu : album názorných pomůcek /

Uložené v:
Podrobná bibliografia
Médium: Kniha
Jazyk:Czech
Vydané: Praha : Státní nakladatelství politické literatury, 1959
Vydanie:1. vyd.
ISBN: (viaz.)
Fyzický popis: [30] fareb. voľných graf. tb.
Tagy: Pridať tag
Žiadne tagy, Buďte prvý kto otaguje tento záznam!

MARC

LEADER 00000nam a22000001 4500
001 000224813
005 20101124203025.0
008 980826s1959 xr cze d
020 |a (viaz.)  |c Kčs 26,00 
040 |a SVKKK  |b slo  |c SVKKK  |e AACR2 
041 0 |a cze 
044 |a xr  |c CZ 
245 0 0 |a Ekonomika československého průmyslu :  |b album názorných pomůcek /  |c sest. [kol.]. 
250 |a 1. vyd. 
260 |a Praha :  |b Státní nakladatelství politické literatury,  |c 1959  |f (Svoboda) 
300 |a [30] fareb. voľných graf. tb. 
366 |e 6400 výt. 
910 |a svkkk 
998 |a BK 
090 |g SCKHL  |k Sklad Hlavná 10 suterén  |a VI.183  |j 191728  |i B207396  |s Prezenčne 
090 |g SCKHL  |k Sklad Hlavná 10 suterén  |a VI.187  |j 197239  |i B207401  |s Prezenčne 
090 |g SCKHL  |k Sklad Hlavná 10 suterén  |a VI.225  |j 182178  |i B207397  |s Prezenčne